000 01265nam a22003617a 4500
003 CHAP
005 20220329135551.0
008 971013s1983 r 00010 d
010 _a38627
011 _a39599
035 _a43720
040 _cCHAP
090 _aFolleto 9959
100 0 0 _aEspinosa, Cesar Horacio.
_938017
245 _aLucha ideológica y extensión universitaria
260 _aChapingo, Méx. :
_bUACH. Dirección de Difusión Cultural,
_c1983
300 _a22 p.
490 _aUACH. Dirección de Difusión Cultural. Lecturas
_v; 11
590 _aBATCH-UPD
_b10
_c20130109
_lUCH01
_h2313
590 _aBATCH-UPD
_b10
_c20130110
_lUCH01
_h0110
590 _aBATCH-UPD
_b10
_c20130110
_lUCH01
_h1559
590 _aBATCH-UPD
_b10
_c20130409
_lUCH01
_h1832
590 _aBATCH-UPD
_b10
_c20130410
_lUCH01
_h0956
590 _aBATCH-UPD
_b10
_c20130914
_lUCH01
_h1339
590 _aCONVERSION
_b10
_c20130109
_lUCH01
_h1321
650 1 4 _aExtensión universitaria.
_939208
700 0 _aWitker V., Jorge.
_9122370
830 0 _aUACH. Dirección de Difusión Cultural. Lecturas
_v; 11
_9115924
901 _aBK
942 _cFOLL
949 _aFolleto 9959
_bBC
_cFOLL
_d-99997
_eTS2
_fc.2
_i43720
_si
949 _aFolleto 9959
_bBC
_cUACH
_d-99995
_eUACH
_i43720
_si
999 _c38627
_d38627